[Event "Amantea op-B 9th"]
[Site "Amantea"]
[Date "2011.09.07"]
[Round "4"]
[White "Pelyushenko, Anton"]
[Black "Vasta, Gianfranco"]
[Result "1-0"]
[WhiteElo "1692"]
[BlackElo "1655"]
[PlyCount "111"]
[EventDate "2011.09.04"]
[EventType "swiss"]
[EventRounds "8"]
[EventCountry "ITA"]
[SourceTitle "EXT 2014"]
[Source "ChessBase"]
[SourceDate "2013.11.20"]
[SourceVersion "1"]
[SourceVersionDate "2013.11.20"]
[SourceQuality "1"]

1. Nf3 d5 2. d4 Nf6 3. g3 e6 4. Bg2 c5 5. c3 Nc6 6. 0-0 Be7 7. Bf4 0-0 8. Nbd2 Bd7 9. Qc2 Rc8 10. a3 cxd4 11. Ne5 dxc3 12. bxc3 Nd4 13. Qd3 Nf5 14. e4 dxe4 15. Nxe4 Bc6 16. Qxd8 Rfxd8 17. Nxf6+ Bxf6 18. Nxc6 bxc6 19. Rfc1 e5 20. Bh3 exf4 21. Bxf5 Rb8 22. gxf4 Rb3 23. a4 c5 24. Rab1 Rxb1 25. Rxb1 Bxc3 26. Rb5 Bb4 27. a5 g6 28. Bh3 Rd1+ 29. Kg2 Ra1 30. Rb8+ Kg7 31. Rb7 Rxa5 32. Be6 Ra3 33. Bxf7 h5 34. f5 gxf5 35. Bxh5+ Kf6 36. h4 a5 37. Bf7 Rd3 38. Ra7 a4 39. h5 a3 40. h6 Rd4 41. Bg8 Rh4 42. h7 Bc3 43. Rxa3 Be5 44. Ra5 c4 45. Ra4 Rh2+ 46. Kg1 c3 47. f4 Rh6 48. fxe5+ Kxe5 49. Rc4 Kf6 50. Rc6+ Kg7 51. Rxh6 Kh8 52. Rc6 c2 53. Rxc2 f4 54. Rf2 f3 55. Rxf3 Kg7 56. Rh3 1-0